Countries that Bordered India in Pangea - Statistics

General Stats
  • This quiz has been taken 181 times
    176 since last reset
  • The average score is 9 of 13
Answer Stats
Answer % Correct
China
85%
Nepal
83%
Pakistan
83%
Bhutan
81%
Bangladesh
79%
Sri Lanka
78%
Madagascar
77%
Australia
68%
Myanmar (Burma)
68%
Somalia
67%
Maldives
66%
Mauritius
56%
Seychelles
53%
No matching quizzes found
Score Distribution
Percent of People with Each Score
Percentile by Number Answered
Your Score History
You have not taken this quiz since the last reset